000 00354 a2200169 4500
001 170942
020 _a
040 _cMagnum
100 _aMachado, Ana Maria
240 1 0 _aDe olho nas penas
_lpor
245 1 0 _aDe olho nas penas
300 _a58
362 0 _a1985
440 1 _aSalamandra
697 _aLITERATURA INFANTO-JUVENIL
942 _cBK
999 _c170942
_d170942